| 000 | 00369nam a2200145Ia 4500 | ||
|---|---|---|---|
| 008 | 210210b1999 xxu||||| |||| 00| 0 eng d | ||
| 082 | _a954.042K DALH | ||
| 100 | _aDALAVI (Brigadier John P). | ||
| 245 | _aHimalayan blandar. | ||
| 260 |
_aBengaluru. _bBhavana Prakashana _c1999 |
||
| 300 | _axx,256 | ||
| 650 | _a1962 | ||
| 690 | _aIndian History | ||
| 906 | _aSG03523 | ||
| 999 |
_c114181 _d114181 |
||